000 01113cam a22003134a 4500
001 7091
003 FISKH
005 20250827085950.0
008 050713s2006 nyua j 001 0 eng
010 _a 2005019971
020 _a0516249592 (lib. bdg.)
020 _a9780516249599
040 _aDLC
_cDLC
_dDLC
_beng
050 _aQA248.R48
082 _a 511.3
100 1 _aRibke, Simone T.
245 1 0 _aGrouping at the dog show /
_cby Simone T. Ribke.
260 _aNew York :
_bChildren's Press,
_c2006.
300 _a31 pages :
_bcolor illustrations ;
_c19 cm
440 0 _aRookie read-about math
505 _aG
520 _aThe popular Rookie Books expand their horizons - to all corners of the globe! With this series all about geography, emergent readers will take off on adventures to cities, nations, waterways, and habitats around the world...and right in their own backyards.
521 8 _a400
_bLexile
521 8 _aG
_bRaz-Plus
650 0 _aSet theory
_vJuvenile literature.
906 _a7
_bcbc
_corignew
_d1
_eecip
_f20
_gy-gencatlg
942 _2ddc
_cBK
_n0
999 _c7091
_d7091